| 000 | 00363nam a22001217a 4500 | ||
|---|---|---|---|
| 082 |
_a909.097671 _bMEM |
||
| 100 | _aMemon, Ali Nawaz | ||
| 245 |
_aThe Islamic Nation: _bstatus & future of Muslims in the New World Order / _cAli Nawaz Memon |
||
| 260 |
_aLahore : _bVanguard Books Pvt Limited, _c1996. |
||
| 300 | _a261 p. | ||
| 563 | _aHB. | ||
| 942 |
_2ddc _cBK |
||
| 999 |
_c613671 _d613671 |
||